Najpopularniejsze utwory Taco Hemingwaya z każdego albumu wg Spotify - Statystyki

Ogólne statystyki
  • Ten quiz został rozwiązany 350 razy
  • Średni wynik to 9 z 12
Statystyki odpowiedzi
ROK ALBUM UTWÓR ODTWORZENIA % Poprawnych
2016 Marmur Marmur / Deszcz na betonie 10 097 168 / 22 296 378
90%
2018 (Taconafide) Soma 0,5 mg Tamagotchi 41 295 370
88%
2015 Umowa o dzieło Następna stacja 22 827 035
81%
2019 Pocztówka z WWA, lato'19 W piątki leżę w wannie 40 053 858
80%
2020 Jarmark Polskie tango 38 072 113
78%
2018 Cafe Belga Fiji 31 350 119
75%
2015 Trójkąt warszawski Wszystko Jedno 13 100 942
74%
2020 Europa Europa 19 154 749
72%
2017 Szprycer Chodź 22 367 864
69%
2016 Wosk Wiatr 13 000 288
66%
2018 (Taconafide) 0,25mg 8 kobiet - Remix 35 654 184
65%
2018 Flagey EP Anja 5 757191
58%
Nie znaleziono quizów pasujących do podanych kryteriów
Rozkład punktacji
Procent ludzi z każdym wynikiem
Percentyl według liczby udzielonych odpowiedzi
Twoja historia wyników
Nie rozwiązałeś tego quizu